| 000 | 00480nmm a2200169Ia 4500 | ||
|---|---|---|---|
| 008 | 251105s9999||||xx |||||||||||||||||und|| | ||
| 020 | _a9789681664138 | ||
| 041 | _aspa | ||
| 100 | _aPeña, Antonio | ||
| 245 | 0 | _aQué es el metabolismo | |
| 264 |
_a[México D.C., Mexico] : _bFondo de Cultura Económica, _c2013 |
||
| 300 | _a125 páginas | ||
| 490 | _aLa Ciencia para Todos | ||
| 650 | _aSciences | ||
| 856 | _uhttps://public.digitaliapublishing.com/a/43337 | ||
| 942 | _cCF | ||
| 999 |
_c96920 _d96920 |
||